UK Geography Quiz #3 - Statistics

General Stats
  • This quiz has been taken 58 times
  • The average score is 7 of 15
Answer Stats
Hint Answer % Correct
How many bridges connect Anglesey to the mainland 2
89%
What former wall separated England and Scotland Hadrians
87%
Which UK nation has the highest recycling rates Wales
77%
Three colours on Devon flag 3 White
75%
Three colours on Devon flag 2 Black
72%
Barrow in Furness is in what county Cumbria
68%
What National park does Kinder Scout lie in Peak District
66%
Three colours on Devon flag 1 Green
62%
Where has the largest tidal range in the UK Severn Estuary
47%
Striding Edge is a route up which mountain Helvellyn
26%
What is the fastest eroding coastline in Europe Holderness
25%
What mountains lie in mid Wales Cambrian
19%
Biggest resivour in the UK Kielder Water
13%
What was mined/ quarried to leave behind the "Cornish Alps" China clay
9%
At what mountain summit are the Adam and Eve stones located Tryfan
4%
No matching quizzes found
Score Distribution
Percent of People with Each Score
Percentile by Number Answered
Your Score History
You have not taken this quiz